00309nam a2200121Ia 4500008004100000100001900041245003100060260004300091300000900134650002000143942000700163999001700170190216s9999||||xx |||||||||||||| ||und|| aNaeem Siddiqui 4aThe Benefactor Of Humanity b"Markazi Maktaba Islami, Delhi"c1993 a277p aIslamic History cBK c22162d22162